[Event "Bundesliga 9697"]
[Site "Deutschland"]
[Date "1997.??.??"]
[Round "?.6"]
[White "Pirrot, Dieter"]
[Black "Brendel, Oliver"]
[Result "0-1"]
[WhiteElo "2415"]
[BlackElo "2430"]
[PlyCount "78"]
[EventDate "1996.10.??"]
[EventType "team"]
[EventRounds "15"]
[EventCountry "GER"]
[SourceTitle "Bundesliga 9697"]
[Source "DeepChess"]
[SourceDate "2005.01.01"]
[SourceVersion "1"]
[SourceVersionDate "2005.01.01"]
[SourceQuality "1"]
[WhiteTeam "PSV Turm Duisburg 1920 e.V."]
[BlackTeam "SV Castrop Rauxel 1923"]
[WhiteTeamCountry "GER"]
[BlackTeamCountry "GER"]

1. e4 c5 2. c3 g6 3. d4 cxd4 4. cxd4 d5 5. exd5 Nf6 6. Nc3 Nxd5 7. Qb3 Nb6 8.
d5 Bg7 9. Be3 O-O 10. Rd1 Bg4 11. Be2 Bxe2 12. Ngxe2 N8d7 13. O-O Qc7 14. Bd4
Ne5 15. Nb5 Qc4 16. Nec3 a6 17. Nc7 Qxc7 18. Bxb6 Qc4 19. d6 exd6 20. Rxd6 Qf4
21. Qd5 Nc4 22. Bc7 Nxd6 23. Bxd6 Qd4 24. Bxf8 Qxd5 25. Nxd5 Kxf8 26. b3 Rc8
27. Ne3 Bd4 28. h4 h5 29. Re1 Bxe3 30. Rxe3 Rc1+ 31. Kh2 Rc2 32. a4 Rxf2 33.
Rc3 Rb2 34. Kh3 Kg7 35. g4 hxg4+ 36. Kxg4 b5 37. axb5 axb5 38. Rf3 Rd2 39. Rf4
f5+ 0-1

[Event "Bundesliga 9697"]
[Site "Deutschland"]
[Date "1997.??.??"]
[Round "?.7"]
[White "Hennig, Dirk"]
[Black "Prang, Edgar"]
[Result "0-1"]
[WhiteElo "2445"]
[BlackElo "2330"]
[PlyCount "54"]
[EventDate "1996.10.??"]
[EventType "team"]
[EventRounds "15"]
[EventCountry "GER"]
[SourceTitle "Bundesliga 9697"]
[Source "DeepChess"]
[SourceDate "2005.01.01"]
[SourceVersion "1"]
[SourceVersionDate "2005.01.01"]
[SourceQuality "1"]
[WhiteTeam "SV Castrop Rauxel 1923"]
[BlackTeam "PSV Turm Duisburg 1920 e.V."]
[WhiteTeamCountry "GER"]
[BlackTeamCountry "GER"]

1. d4 d5 2. c4 e6 3. Nc3 c6 4. e4 dxe4 5. Nxe4 Bb4+ 6. Bd2 Qxd4 7. Bxb4 Qxe4+
8. Be2 c5 9. Bxc5 Qxg2 10. Bf3 Qg5 11. Ba3 Ne7 12. Ne2 Nbc6 13. Bxc6+ Nxc6 14.
Rg1 Qa5+ 15. Kf1 Bd7 16. Nc3 O-O-O 17. Nb5 e5 18. Nd6+ Kb8 19. Qb3 Qa6 20. Rxg7
Be6 21. Qb5 Qxb5 22. cxb5 Nd4 23. Nxf7 Bc4+ 24. Kg2 Rdg8 25. Bd6+ Ka8 26. Rg3
Bxf7 27. Bxe5 Bd5+ 0-1

[Event "Bundesliga 9697"]
[Site "Deutschland"]
[Date "1997.??.??"]
[Round "?.1"]
[White "Keitlinghaus, Ludger"]
[Black "Boensch, Uwe"]
[Result "1/2-1/2"]
[WhiteElo "2515"]
[BlackElo "2520"]
[PlyCount "29"]
[EventDate "1996.10.??"]
[EventType "team"]
[EventRounds "15"]
[EventCountry "GER"]
[SourceTitle "Bundesliga 9697"]
[Source "DeepChess"]
[SourceDate "2005.01.01"]
[SourceVersion "1"]
[SourceVersionDate "2005.01.01"]
[SourceQuality "1"]
[WhiteTeam "PSV Turm Duisburg 1920 e.V."]
[BlackTeam "SV Empor Berlin e.V."]
[WhiteTeamCountry "GER"]
[BlackTeamCountry "GER"]

1. e4 c5 2. c3 d5 3. exd5 Qxd5 4. d4 Nf6 5. Nf3 e6 6. Be3 cxd4 7. cxd4 Be7 8.
Nc3 Qa5 9. Bd3 Nc6 10. a3 Nd5 11. Bd2 Bf6 12. O-O Nxc3 13. bxc3 O-O 14. Re1 Rd8
15. Qe2 1/2-1/2

[Event "Bundesliga 9697"]
[Site "Deutschland"]
[Date "1997.??.??"]
[Round "?.2"]
[White "Tischbierek, Raj"]
[Black "Unzicker, Wolfgang"]
[Result "1-0"]
[WhiteElo "2490"]
[BlackElo "2435"]
[PlyCount "41"]
[EventDate "1996.10.??"]
[EventType "team"]
[EventRounds "15"]
[EventCountry "GER"]
[SourceTitle "Bundesliga 9697"]
[Source "DeepChess"]
[SourceDate "2005.01.01"]
[SourceVersion "1"]
[SourceVersionDate "2005.01.01"]
[SourceQuality "1"]
[WhiteTeam "SV Empor Berlin e.V."]
[BlackTeam "PSV Turm Duisburg 1920 e.V."]
[WhiteTeamCountry "GER"]
[BlackTeamCountry "GER"]

1. e4 e5 2. Nf3 Nc6 3. d4 exd4 4. Nxd4 Nf6 5. Nxc6 bxc6 6. e5 Qe7 7. Qe2 Nd5 8.
c4 Ba6 9. g3 g6 10. b3 Bg7 11. Bb2 O-O 12. Bg2 d6 13. O-O Bxe5 14. Bxe5 dxe5
15. Qd2 Nf6 16. Qa5 Bb7 17. Nc3 e4 18. Rfe1 c5 19. Na4 Nd7 20. Qxc7 Rab8 21.
Rad1 1-0

[Event "Bundesliga 9697"]
[Site "Deutschland"]
[Date "1997.??.??"]
[Round "?.4"]
[White "Volke, Karsten"]
[Black "Kraut, Rainer"]
[Result "1/2-1/2"]
[WhiteElo "2465"]
[BlackElo "2455"]
[PlyCount "104"]
[EventDate "1996.10.??"]
[EventType "team"]
[EventRounds "15"]
[EventCountry "GER"]
[SourceTitle "Bundesliga 9697"]
[Source "DeepChess"]
[SourceDate "2005.01.01"]
[SourceVersion "1"]
[SourceVersionDate "2005.01.01"]
[SourceQuality "1"]
[WhiteTeam "SV Empor Berlin e.V."]
[BlackTeam "PSV Turm Duisburg 1920 e.V."]
[WhiteTeamCountry "GER"]
[BlackTeamCountry "GER"]

1. d4 d5 2. c4 dxc4 3. e3 Nf6 4. Bxc4 e6 5. Nf3 c5 6. O-O a6 7. b3 b5 8. Be2
Nbd7 9. a4 b4 10. Bb2 Bb7 11. Nbd2 Be7 12. Nc4 O-O 13. Rc1 Bd5 14. Nfe5 cxd4
15. Bxd4 Nxe5 16. Nxe5 Bd6 17. Nc6 Qd7 18. Bf3 Rfc8 19. Bxf6 Bxc6 20. Bb2 Bxf3
21. Qxf3 Rxc1 22. Qxa8+ Qc8 23. Qxc8+ Rxc8 24. Rc1 Rxc1+ 25. Bxc1 Kf8 26. Kf1
Ke7 27. h3 Kd7 28. Ke2 Kc6 29. Kd3 Be5 30. Kc4 a5 31. e4 Bf6 32. Be3 Bd8 33.
Bd4 g6 34. f3 Be7 35. Be3 Bf6 36. Bh6 Bh4 37. Kd4 Bf6+ 38. Ke3 Bb2 39. Bf8 Bc1+
40. Kf2 Bg5 41. Ke2 Bf6 42. Ke3 Bg5+ 43. Kd4 Bf6+ 44. Kc4 Bd8 45. Bh6 Be7 46.
g4 Bd8 47. Kd4 Bf6+ 48. e5 Be7 49. Ke4 Bd8 50. Bf8 Bg5 51. f4 Bd8 52. Bg7 Be7
1/2-1/2

[Event "Bundesliga 9697"]
[Site "Deutschland"]
[Date "1997.??.??"]
[Round "?.5"]
[White "Thesing, Matthias"]
[Black "Thinius, Marco"]
[Result "1-0"]
[WhiteElo "2430"]
[BlackElo "2330"]
[PlyCount "125"]
[EventDate "1996.10.??"]
[EventType "team"]
[EventRounds "15"]
[EventCountry "GER"]
[SourceTitle "Bundesliga 9697"]
[Source "DeepChess"]
[SourceDate "2005.01.01"]
[SourceVersion "1"]
[SourceVersionDate "2005.01.01"]
[SourceQuality "1"]
[WhiteTeam "PSV Turm Duisburg 1920 e.V."]
[BlackTeam "SV Empor Berlin e.V."]
[WhiteTeamCountry "GER"]
[BlackTeamCountry "GER"]

1. e4 e5 2. Nf3 Nc6 3. Nc3 Nf6 4. d4 exd4 5. Nxd4 Bb4 6. Nxc6 bxc6 7. Bd3 d5 8.
exd5 cxd5 9. Qe2+ Qe7 10. Qxe7+ Kxe7 11. O-O Be6 12. Nb5 c5 13. a3 Ba5 14. b4
Bb6 15. bxc5 Bxc5 16. Bf4 Rac8 17. a4 Rhd8 18. a5 Rd7 19. Rab1 Ne4 20. a6 f5
21. h4 Kf6 22. g3 h6 23. h5 Bf7 24. Kg2 Bxh5 25. f3 Ng5 26. Rbe1 Bg6 27. Be5+
Kf7 28. g4 f4 29. Bxf4 Bxd3 30. cxd3 Rc6 31. Rc1 Ne6 32. Be5 Rxa6 33. Ra1 Rxa1
34. Rxa1 Rb7 35. Nd6+ Bxd6 36. Bxd6 Ke8 37. Be5 Ke7 38. Ra5 Rd7 39. d4 Kf7 40.
f4 g6 41. Kf3 h5 42. gxh5 gxh5 43. f5 Ng5+ 44. Kg3 Ne4+ 45. Kh4 Nd6 46. Bxd6
Rxd6 47. Kxh5 Kf6 48. Kg4 Rd7 49. Kf4 Kf7 50. Ke5 Re7+ 51. Kxd5 Kf6 52. Kc6 Re4
53. d5 Kxf5 54. Kd7 Re5 55. Kd6 Re1 56. Rxa7 Kf6 57. Ra8 Kf7 58. Kc6 Rc1+ 59.
Kd7 Rd1 60. d6 Rd2 61. Ra1 Kf6 62. Rf1+ Ke5 63. Ke7 1-0

[Event "Bundesliga 9697"]
[Site "Deutschland"]
[Date "1997.??.??"]
[Round "?.6"]
[White "Kleeschaetzky, Ralf"]
[Black "Pirrot, Dieter"]
[Result "1/2-1/2"]
[WhiteElo "2255"]
[BlackElo "2415"]
[PlyCount "37"]
[EventDate "1996.10.??"]
[EventType "team"]
[EventRounds "15"]
[EventCountry "GER"]
[SourceTitle "Bundesliga 9697"]
[Source "DeepChess"]
[SourceDate "2005.01.01"]
[SourceVersion "1"]
[SourceVersionDate "2005.01.01"]
[SourceQuality "1"]
[WhiteTeam "SV Empor Berlin e.V."]
[BlackTeam "PSV Turm Duisburg 1920 e.V."]
[WhiteTeamCountry "GER"]
[BlackTeamCountry "GER"]

1. Nf3 Nf6 2. c4 g6 3. Nc3 Bg7 4. e4 d6 5. d4 O-O 6. Be2 c5 7. O-O Bg4 8. Be3
Bxf3 9. Bxf3 cxd4 10. Bxd4 Nc6 11. Be3 Nd7 12. Qd2 Qa5 13. Rac1 Nc5 14. b3 Rfd8
15. g3 Bxc3 16. Rxc3 Ne5 17. Bg2 Ng4 18. Rc2 Qxd2 19. Bxd2 1/2-1/2

[Event "Bundesliga 9697"]
[Site "Deutschland"]
[Date "1997.??.??"]
[Round "?.7"]
[White "Prang, Edgar"]
[Black "Meissner, Hans Juergen"]
[Result "0-1"]
[WhiteElo "2330"]
[BlackElo "2255"]
[PlyCount "70"]
[EventDate "1996.10.??"]
[EventType "team"]
[EventRounds "15"]
[EventCountry "GER"]
[SourceTitle "Bundesliga 9697"]
[Source "DeepChess"]
[SourceDate "2005.01.01"]
[SourceVersion "1"]
[SourceVersionDate "2005.01.01"]
[SourceQuality "1"]
[WhiteTeam "PSV Turm Duisburg 1920 e.V."]
[BlackTeam "SV Empor Berlin e.V."]
[WhiteTeamCountry "GER"]
[BlackTeamCountry "GER"]

1. d4 Nf6 2. Nf3 g6 3. Bf4 d6 4. h3 c5 5. e3 Qb6 6. Na3 Bg7 7. Nc4 Qc7 8. c3
O-O 9. Bd3 Nbd7 10. O-O b6 11. Qe2 Bb7 12. Rfd1 Be4 13. a4 Rac8 14. Ncd2 Bxd3
15. Qxd3 cxd4 16. exd4 Rfe8 17. Bh2 Qb7 18. Re1 Bh6 19. Re2 Nf8 20. Rae1 Ne6
21. Ne4 Nd5 22. Qb5 a6 23. Qb3 Red8 24. Ra1 Qc6 25. Ree1 Kg7 26. h4 Rd7 27.
Neg5 Bxg5 28. Nxg5 Nxg5 29. hxg5 Rb7 30. Qd1 b5 31. a5 Qd7 32. Qd2 Kg8 33. f3
Rbc7 34. Kf2 b4 35. cxb4 Rc2 0-1

[Event "Bundesliga 9697"]
[Site "Deutschland"]
[Date "1997.??.??"]
[Round "?.1"]
[White "Sax, Gyula"]
[Black "Votava, Jan"]
[Result "1/2-1/2"]
[WhiteElo "2545"]
[BlackElo "2530"]
[PlyCount "87"]
[EventDate "1996.10.??"]
[EventType "team"]
[EventRounds "15"]
[EventCountry "GER"]
[SourceTitle "Bundesliga 9697"]
[Source "DeepChess"]
[SourceDate "2005.01.01"]
[SourceVersion "1"]
[SourceVersionDate "2005.01.01"]
[SourceQuality "1"]
[WhiteTeam "PSV Turm Duisburg 1920 e.V."]
[BlackTeam "SV Erfurt West 90"]
[WhiteTeamCountry "GER"]
[BlackTeamCountry "GER"]

1. e4 c5 2. Nf3 e6 3. d4 cxd4 4. Nxd4 a6 5. Bd3 Nc6 6. Nxc6 dxc6 7. Nd2 e5 8.
a4 Nf6 9. Nc4 Bc5 10. O-O Qc7 11. Qf3 O-O 12. Qg3 Re8 13. Kh1 Nh5 14. Qf3 g6
15. Ne3 Bxe3 16. fxe3 Be6 17. Bd2 c5 18. Bc3 Qe7 19. Bxe5 Bg4 20. Qxg4 Qxe5 21.
Bc4 Re7 22. Rad1 Nf6 23. Qf4 Qxf4 24. Rxf4 Nxe4 25. Bxf7+ Kg7 26. Bc4 b5 27.
axb5 axb5 28. Bxb5 Ra2 29. Bc6 Nd6 30. g4 Nf7 31. Rb1 Raa7 32. e4 Nd6 33. g5
Nc4 34. Bd5 Ne3 35. c4 Ra4 36. Re1 Nxd5 37. cxd5 Rd4 38. Kg2 Rxd5 39. exd5 Rxe1
40. Rc4 Re5 41. Rxc5 Rxg5+ 42. Kf3 Kf6 43. b4 Rg1 44. Rc7 1/2-1/2

[Event "Bundesliga 9697"]
[Site "Deutschland"]
[Date "1997.??.??"]
[Round "?.2"]
[White "Casper, Thomas"]
[Black "Keitlinghaus, Ludger"]
[Result "1/2-1/2"]
[WhiteElo "2405"]
[BlackElo "2515"]
[PlyCount "24"]
[EventDate "1996.10.??"]
[EventType "team"]
[EventRounds "15"]
[EventCountry "GER"]
[SourceTitle "Bundesliga 9697"]
[Source "DeepChess"]
[SourceDate "2005.01.01"]
[SourceVersion "1"]
[SourceVersionDate "2005.01.01"]
[SourceQuality "1"]
[WhiteTeam "SV Erfurt West 90"]
[BlackTeam "PSV Turm Duisburg 1920 e.V."]
[WhiteTeamCountry "GER"]
[BlackTeamCountry "GER"]

1. e4 c5 2. Nf3 Nc6 3. Bb5 e6 4. O-O Nge7 5. c3 a6 6. Ba4 b5 7. Bc2 Bb7 8. Re1
Ng6 9. d4 cxd4 10. cxd4 Nb4 11. Bb3 d5 12. e5 Be7 1/2-1/2

[Event "Bundesliga 9697"]
[Site "Deutschland"]
[Date "1997.??.??"]
[Round "?.3"]
[White "Enders, Peter"]
[Black "Renner, Christoph"]
[Result "1-0"]
[WhiteElo "2520"]
[BlackElo "2445"]
[PlyCount "71"]
[EventDate "1996.10.??"]
[EventType "team"]
[EventRounds "15"]
[EventCountry "GER"]
[SourceTitle "Bundesliga 9697"]
[Source "DeepChess"]
[SourceDate "2005.01.01"]
[SourceVersion "1"]
[SourceVersionDate "2005.01.01"]
[SourceQuality "1"]
[WhiteTeam "PSV Turm Duisburg 1920 e.V."]
[BlackTeam "SV Erfurt West 90"]
[WhiteTeamCountry "GER"]
[BlackTeamCountry "GER"]

1. e4 e5 2. Nf3 Nc6 3. Bb5 a6 4. Ba4 Nf6 5. O-O Be7 6. Re1 b5 7. Bb3 d6 8. c3
O-O 9. h3 Na5 10. Bc2 c5 11. d4 Qc7 12. Nbd2 cxd4 13. cxd4 Bd7 14. Nf1 Rac8 15.
Ne3 Nc6 16. d5 Nb4 17. Bb1 a5 18. a3 Na6 19. b4 g6 20. Bb2 Nh5 21. Ng4 f6 22.
Qd2 Nf4 23. Ne3 Qb7 24. Kh2 Bd8 25. Ng1 f5 26. g3 Nh5 27. exf5 gxf5 28. f4 Bf6
29. Nxf5 exf4 30. Nh6+ Kh8 31. Re7 fxg3+ 32. Kh1 Ng7 33. Qd3 Qxd5+ 34. Qxd5 Bc6
35. Qxc6 Rxc6 36. Rf7 1-0

[Event "Bundesliga 9697"]
[Site "Deutschland"]
[Date "1997.??.??"]
[Round "?.4"]
[White "Kuczynski, Robert"]
[Black "Kraut, Rainer"]
[Result "1/2-1/2"]
[WhiteElo "2500"]
[BlackElo "2455"]
[PlyCount "88"]
[EventDate "1996.10.??"]
[EventType "team"]
[EventRounds "15"]
[EventCountry "GER"]
[SourceTitle "Bundesliga 9697"]
[Source "DeepChess"]
[SourceDate "2005.01.01"]
[SourceVersion "1"]
[SourceVersionDate "2005.01.01"]
[SourceQuality "1"]
[WhiteTeam "SV Erfurt West 90"]
[BlackTeam "PSV Turm Duisburg 1920 e.V."]
[WhiteTeamCountry "GER"]
[BlackTeamCountry "GER"]

1. e4 c5 2. Nf3 d6 3. d4 cxd4 4. Nxd4 Nf6 5. Nc3 Nc6 6. Be2 e5 7. Nf3 h6 8. O-O
Be7 9. Re1 Be6 10. Bf1 Bg4 11. h3 Bh5 12. g4 Bg6 13. Nh4 Bxe4 14. Nxe4 Nxe4 15.
Nf5 d5 16. Nxg7+ Kf8 17. Nf5 Bc5 18. Be3 Bxe3 19. Rxe3 Nf6 20. c3 h5 21. Qb3
Qd7 22. Qa3+ Kg8 23. Qd6 Qxd6 24. Nxd6 hxg4 25. hxg4 e4 26. f3 Rd8 27. Nxb7 Rb8
28. g5 d4 29. Re2 exf3 30. Rh2 Rxh2 31. Kxh2 Ne4 32. Bd3 Nxg5 33. Rg1 f6 34.
Ba6 f2 35. Rd1 Ne5 36. Kg2 d3 37. Kxf2 Ng4+ 38. Kg3 Ne4+ 39. Kf4 d2 40. Nc5
Nxc5 41. Bc4+ Kg7 42. Kxg4 Rxb2 43. Kf4 Rc2 44. Bb3 Rxc3 1/2-1/2

[Event "Bundesliga 9697"]
[Site "Deutschland"]
[Date "1997.??.??"]
[Round "?.5"]
[White "Thesing, Matthias"]
[Black "Voekler, Bernd"]
[Result "1-0"]
[WhiteElo "2430"]
[BlackElo "2410"]
[PlyCount "87"]
[EventDate "1996.10.??"]
[EventType "team"]
[EventRounds "15"]
[EventCountry "GER"]
[SourceTitle "Bundesliga 9697"]
[Source "DeepChess"]
[SourceDate "2005.01.01"]
[SourceVersion "1"]
[SourceVersionDate "2005.01.01"]
[SourceQuality "1"]
[WhiteTeam "PSV Turm Duisburg 1920 e.V."]
[BlackTeam "SV Erfurt West 90"]
[WhiteTeamCountry "GER"]
[BlackTeamCountry "GER"]

1. Nf3 Nf6 2. d4 g6 3. c4 Bg7 4. Nc3 O-O 5. e4 d6 6. h3 Na6 7. Bg5 Qe8 8. Bd3
h6 9. Be3 e5 10. d5 Bd7 11. Qd2 Kh7 12. g4 Ng8 13. O-O-O c6 14. dxc6 Bxc6 15.
Bc2 Nb4 16. Bb1 f5 17. gxf5 gxf5 18. exf5 Rf6 19. Qe2 Rc8 20. a3 Na6 21. Bc2
Nc7 22. Rhg1 Qf8 23. Rg4 Ne7 24. Rdg1 Ne8 25. Rh4 Nxf5 26. Ng5+ Kg8 27. Bxf5
Rxf5 28. Ne6 Qe7 29. Nxg7 Nxg7 30. Rxh6 Be8 31. Qd3 Qf7 32. Rxd6 Rxc4 33. Rdg6
Rxc3+ 34. bxc3 Qxg6 35. Rxg6 Bxg6 36. Qd8+ Kh7 37. Qc7 Rf6 38. Qxb7 a6 39. a4
Bd3 40. Qd5 e4 41. Bd4 Rg6 42. Kb2 Rg2 43. Ka3 Kg6 44. f3 1-0

[Event "Bundesliga 9697"]
[Site "Deutschland"]
[Date "1997.??.??"]
[Round "?.6"]
[White "Mueller, Matthias"]
[Black "Pirrot, Dieter"]
[Result "1/2-1/2"]
[WhiteElo "2375"]
[BlackElo "2415"]
[PlyCount "51"]
[EventDate "1996.10.??"]
[EventType "team"]
[EventRounds "15"]
[EventCountry "GER"]
[SourceTitle "Bundesliga 9697"]
[Source "DeepChess"]
[SourceDate "2005.01.01"]
[SourceVersion "1"]
[SourceVersionDate "2005.01.01"]
[SourceQuality "1"]
[WhiteTeam "SV Erfurt West 90"]
[BlackTeam "PSV Turm Duisburg 1920 e.V."]
[WhiteTeamCountry "GER"]
[BlackTeamCountry "GER"]

1. e4 e5 2. Nf3 Nc6 3. d4 exd4 4. Nxd4 Nf6 5. Nxc6 bxc6 6. e5 Qe7 7. Qe2 Nd5 8.
c4 Ba6 9. g3 g6 10. b3 Bg7 11. Bb2 O-O 12. Bg2 Rae8 13. O-O Bxe5 14. Qxe5 Qxe5
15. Bxe5 Rxe5 16. cxd5 Bxf1 17. Kxf1 cxd5 18. Nc3 c6 19. Na4 Rb8 20. Nc5 Re7
21. Rc1 Rb4 22. Rd1 a5 23. Bf3 Kf8 24. Na6 Rb6 25. Nc5 Rb4 26. Na6 1/2-1/2

[Event "Bundesliga 9697"]
[Site "Deutschland"]
[Date "1997.??.??"]
[Round "?.7"]
[White "Prang, Edgar"]
[Black "Troyke, Christian"]
[Result "1/2-1/2"]
[WhiteElo "2330"]
[BlackElo "2380"]
[PlyCount "105"]
[EventDate "1996.10.??"]
[EventType "team"]
[EventRounds "15"]
[EventCountry "GER"]
[SourceTitle "Bundesliga 9697"]
[Source "DeepChess"]
[SourceDate "2005.01.01"]
[SourceVersion "1"]
[SourceVersionDate "2005.01.01"]
[SourceQuality "1"]
[WhiteTeam "PSV Turm Duisburg 1920 e.V."]
[BlackTeam "SV Erfurt West 90"]
[WhiteTeamCountry "GER"]
[BlackTeamCountry "GER"]

1. e4 c5 2. d4 cxd4 3. c3 d3 4. Bxd3 g6 5. Nf3 Bg7 6. O-O Nc6 7. Re1 d6 8. h3
Nf6 9. Bf4 O-O 10. Na3 Nd7 11. Qd2 Nde5 12. Nxe5 Nxe5 13. Bf1 Be6 14. Bh6 Bxh6
15. Qxh6 Qb6 16. Re2 Rac8 17. Qe3 Qxe3 18. Rxe3 Rfd8 19. f4 Nc6 20. Bb5 Na5 21.
f5 Bd7 22. Bxd7 Rxd7 23. fxg6 hxg6 24. e5 dxe5 25. Rxe5 Nc6 26. Re2 Rcd8 27.
Rae1 e6 28. Kf2 Kg7 29. Nc4 Ne7 30. Ne5 Rc7 31. Re4 f6 32. Rc4 Rxc4 33. Nxc4
Kf7 34. Ke2 Nd5 35. Rf1 g5 36. Ne5+ Kg7 37. Nd3 e5 38. c4 Nc7 39. Nc5 Rd4 40.
Rd1 Rxd1 41. Kxd1 b6 42. Ne4 Ne8 43. Ke2 Kg6 44. g4 Kf7 45. b4 Ke6 46. Kd3 Nd6
47. Nxd6 Kxd6 48. Ke4 Kc6 49. Kf3 Kd6 50. Kg3 Ke6 51. Kf3 Kd6 52. Kg3 Ke6 53.
Kf3 1/2-1/2

[Event "Bundesliga 9697"]
[Site "Deutschland"]
[Date "1996.??.??"]
[Round "?.3"]
[White "Rogozenko, Dorian"]
[Black "Keitlinghaus, Ludger"]
[Result "1/2-1/2"]
[WhiteElo "2525"]
[BlackElo "2515"]
[PlyCount "53"]
[EventDate "1996.10.??"]
[EventType "team"]
[EventRounds "15"]
[EventCountry "GER"]
[SourceTitle "Bundesliga 9697"]
[Source "DeepChess"]
[SourceDate "2005.01.01"]
[SourceVersion "1"]
[SourceVersionDate "2005.01.01"]
[SourceQuality "1"]
[WhiteTeam "USC Magdeburg"]
[BlackTeam "PSV Turm Duisburg 1920 e.V."]
[WhiteTeamCountry "GER"]
[BlackTeamCountry "GER"]

1. d4 d5 2. c4 dxc4 3. e3 c5 4. Bxc4 cxd4 5. exd4 Qc7 6. Be2 Nf6 7. Nc3 e6 8.
Nf3 Nc6 9. O-O Be7 10. Be3 O-O 11. Rc1 Rd8 12. Bd3 Bd7 13. a3 Rac8 14. Qe2 Be8
15. Rfd1 Ng4 16. d5 Nxe3 17. Qxe3 exd5 18. Bf5 d4 19. Nxd4 Ra8 20. Ndb5 Qe5 21.
Qxe5 Nxe5 22. Nc7 Rab8 23. Rxd8 Rxd8 24. Re1 Bd6 25. Nxe8 Rxe8 26. Ne4 Be7 27.
Nc3 1/2-1/2

[Event "Bundesliga 9697"]
[Site "Deutschland"]
[Date "1996.??.??"]
[Round "?.5"]
[White "Proehl, Holger"]
[Black "Enders, Peter"]
[Result "1-0"]
[WhiteElo "2400"]
[BlackElo "2500"]
[PlyCount "113"]
[EventDate "1996.10.??"]
[EventType "team"]
[EventRounds "15"]
[EventCountry "GER"]
[SourceTitle "Bundesliga 9697"]
[Source "DeepChess"]
[SourceDate "2005.01.01"]
[SourceVersion "1"]
[SourceVersionDate "2005.01.01"]
[SourceQuality "1"]
[WhiteTeam "USC Magdeburg"]
[BlackTeam "PSV Turm Duisburg 1920 e.V."]
[WhiteTeamCountry "GER"]
[BlackTeamCountry "GER"]

1. e4 c5 2. c3 d5 3. exd5 Qxd5 4. d4 e6 5. Nf3 cxd4 6. cxd4 Nf6 7. Nc3 Qd6 8.
Bd3 Be7 9. O-O O-O 10. a3 Nc6 11. Qa4 b6 12. Be3 Bb7 13. Rad1 Rfd8 14. Rfe1 h6
15. Bb1 Bf8 16. Qc2 Rac8 17. d5 exd5 18. Nxd5 Qxd5 19. Rxd5 Rxd5 20. Qe2 Re8
21. Ba2 Rdd8 22. b4 Ne5 23. Nxe5 Rxe5 24. Rd1 Rde8 25. Bb3 Rg5 26. g3 Rge5 27.
Qa2 R8e7 28. Qa1 Ng4 29. Bd4 Rh5 30. h4 g5 31. f3 Ne3 32. Qb1 Nd5 33. g4 Rxh4
34. Bf2 Nf4 35. Bxh4 gxh4 36. Qf5 Nh3+ 37. Kf1 Ng5 38. Qg6+ Kh8 39. Qf6+ Kg8
40. Qg6+ Kh8 41. Qf6+ Kg8 42. b5 Re3 43. Rd3 Rxd3 44. Qg6+ Bg7 45. Qxd3 Bxf3
46. Qf5 Be4 47. Qd7 Bf8 48. a4 a5 49. bxa6 h3 50. Bd5 Bd3+ 51. Kg1 Bxa6 52. Qd8
Be2 53. Qxb6 Bg7 54. a5 Nf3+ 55. Kh1 Ne5 56. a6 Bxg4 57. a7 1-0

[Event "Bundesliga 9697"]
[Site "Deutschland"]
[Date "1996.??.??"]
[Round "?.6"]
[White "Kraut, Rainer"]
[Black "Stolz, Mike"]
[Result "1-0"]
[WhiteElo "2455"]
[BlackElo "2300"]
[PlyCount "105"]
[EventDate "1996.10.??"]
[EventType "team"]
[EventRounds "15"]
[EventCountry "GER"]
[SourceTitle "Bundesliga 9697"]
[Source "DeepChess"]
[SourceDate "2005.01.01"]
[SourceVersion "1"]
[SourceVersionDate "2005.01.01"]
[SourceQuality "1"]
[WhiteTeam "PSV Turm Duisburg 1920 e.V."]
[BlackTeam "USC Magdeburg"]
[WhiteTeamCountry "GER"]
[BlackTeamCountry "GER"]

1. e4 e6 2. d4 d5 3. Nc3 Bb4 4. e5 Ne7 5. a3 Bxc3+ 6. bxc3 c5 7. a4 Nbc6 8. Nf3
Qa5 9. Qd2 cxd4 10. cxd4 Qxd2+ 11. Bxd2 Nf5 12. Bc3 Bd7 13. Bd3 Rc8 14. Kd2 Rc7
15. Rhb1 f6 16. a5 Kf7 17. Ra3 Nfe7 18. Rab3 Bc8 19. Rb5 h6 20. Bb2 Ng6 21. Ba3
Rd7 22. Bd6 Nf4 23. Bf1 g5 24. c3 Ng6 25. Bd3 g4 26. Bxg6+ Kxg6 27. Nh4+ Kg5
28. g3 fxe5 29. dxe5 Rf7 30. Ke3 h5 31. Rc5 a6 32. f4+ gxf3 33. Nxf3+ Kh6 34.
Nd4 Nxd4 35. cxd4 Rg8 36. Rcc1 Bd7 37. Rf1 Rxf1 38. Rxf1 h4 39. Rf7 hxg3 40.
hxg3 Be8 41. Re7 Rxg3+ 42. Kf4 Rg8 43. Rxe6+ Kh5 44. Rxe8 Rxe8 45. Kf5 Kh6 46.
Kf6 Rg8 47. e6 Rg6+ 48. Kf7 Rg7+ 49. Kf8 Rg6 50. e7 Rf6+ 51. Kg8 Rxd6 52. e8=Q
Rg6+ 53. Kf7 1-0

[Event "Bundesliga 9697"]
[Site "Deutschland"]
[Date "1996.??.??"]
[Round "?.7"]
[White "Kapischka, Jens"]
[Black "Thesing, Matthias"]
[Result "0-1"]
[WhiteElo "2315"]
[BlackElo "2440"]
[PlyCount "76"]
[EventDate "1996.10.??"]
[EventType "team"]
[EventRounds "15"]
[EventCountry "GER"]
[SourceTitle "Bundesliga 9697"]
[Source "DeepChess"]
[SourceDate "2005.01.01"]
[SourceVersion "1"]
[SourceVersionDate "2005.01.01"]
[SourceQuality "1"]
[WhiteTeam "USC Magdeburg"]
[BlackTeam "PSV Turm Duisburg 1920 e.V."]
[WhiteTeamCountry "GER"]
[BlackTeamCountry "GER"]

1. Nf3 c5 2. g3 Nc6 3. Bg2 g6 4. O-O Bg7 5. d3 e5 6. e4 Nge7 7. Nc3 O-O 8. Ne1
d6 9. f4 exf4 10. Bxf4 h6 11. Qd2 Kh7 12. Nf3 Be6 13. Be3 Nd4 14. Ne2 Nxe2+ 15.
Qxe2 Rc8 16. c4 Qd7 17. Qd2 f5 18. Rac1 fxe4 19. dxe4 Nc6 20. Kh1 Rcd8 21. b3
a6 22. Ng1 b5 23. Rxf8 Rxf8 24. cxb5 axb5 25. Ne2 g5 26. Nc3 Nd4 27. Qd3 b4 28.
Nd5 Nf3 29. Rf1 Ne5 30. Qa6 Rxf1+ 31. Qxf1 Qa7 32. Qe2 Qa3 33. Qc2 Kh8 34. Nc7
Bd7 35. Qd2 c4 36. Qxd6 Qxa2 37. Bf1 Qb1 38. Kg1 Qxe4 0-1